000 00293nam a2200121Ia 4500
008 190216s9999||||xx |||||||||||||| ||und||
100 _aLeonid V Azaroff
245 0 _aIntroduction To Solids
260 _bTata Mcgrawhill Publishers
_c1977
300 _a460p
650 _aChemistry
942 _cBK
999 _c2317
_d2317